000
00309 a2200157 4500
001
162478
020
_a
040
_c
Magnum
100
_a
Vazquez, Adolfo Sanchez
240
1
0
_a
Etica
_l
por
245
1
0
_a
Etica
362
0
_a
1899
440
1
_a
Civilização Brasileira
697
_a
GERAL
942
_c
BK
999
_c
162478
_d
162478